Televison Quotes Quiz Stats

 Plays Quiz Updated Sep 27, 2018

Score 0/13 Timer 03:00
8 Plays Today
Quote TV Show % Correct
Nooo! Listen! The Fonz is gonna jump OVER a shark!Happy Days
86.7%
Screw you guys, I'm going home.South Park
52.7%
One of these days … one of these days … POW, right in the kisser!The Honeymooners
51.3%
Serenity now!Seinfeld
49.8%
To alcohol: the cause of, and solution to, all of life's problems.The Simpsons
49.4%
Women. Can't live with 'em, pass the beer nuts.Cheers
48.9%
Bracelet Buddies.. oh my god, that's what they'll call us!Friends
45.5%
Jane, you ignorant ****.Saturday Night Live
42.5%
That Meathead calls me a religious phonetic.All in the Family
42.3%
Kiss my GRITS!!Alice
32.6%
Bears. Beets. Battlestar Galactica.The Office
21.3%
As God is my witness I thought turkeys could fly.W.K.R.P. in Cincinnati
17.2%
Twenty-five super-hot moms, 50 eighth-grade boys, no rules.30 Rock
7.6%

You're not logged in!

Compare scores with friends on all Sporcle quizzes.
OR
Log In

Sporcle TV

Today on Sporcle TV


Watch our educational content, quiz creation guides, and fun videos on Sporcle TV.

Show Comments

Extras

Top Quizzes Today


Score Distribution

Your Account Isn't Verified!

In order to create a playlist on Sporcle, you need to verify the email address you used during registration. Go to your Sporcle Settings to finish the process.

Report this User

Report this user for behavior that violates our Community Guidelines.

Details: